| 000 | 01626nam a22003137a 4500 | ||
|---|---|---|---|
| 003 | OSt | ||
| 005 | 20260327135354.0 | ||
| 008 | 260326t1976 xxu||||| |||| 00| 0 spa d | ||
| 020 | _a9789682439384 | ||
| 040 |
_aUnicoc _bspa _c00001 _d00001 |
||
| 082 | _a156 | ||
| 100 |
_912797 _aHolland, J. G. |
||
| 245 |
_aAnálisis de la conducta _c/ J.G. Holland y B.F. Skinner. |
||
| 250 | _a1 Ed. | ||
| 260 |
_aMéxico : _bTrillas , _c1976 |
||
| 300 | _a400 páginas | ||
| 440 |
_94685 _aBiblioteca Técnica de Psicología |
||
| 505 |
_tParte 1 Conducta refleja. -- _tParte 2 Condicionamiento operante: conceptos elementales. -- _tParte 3 Condicionamiento operante: contingencias precisas. -- _tParte 4 Moldeamiento. -- _tParte 5 Reforzamiento intermitente. -- _tParte 6 Control de Estímulos. -- _tParte 7 Privación. -- _tParte 8 Emoción I. -- _tParte 9 Conductas de evitación y escape. -- _tParte 10 Emoción II. -- _tParte 11 Castigo. -- _tParte 12 Análisis científico e interpretación de casos complejos. -- _tParte 13 Autocontrol. -- _tParte 14 Interpretación de la personalidad. |
||
| 526 | _5Unicoc | ||
| 546 | _aEspañol | ||
| 650 | 0 |
_912798 _aAnálisis de la conducta |
|
| 650 | 0 |
_97815 _aConductismo (Psicología) |
|
| 650 | 0 |
_912799 _aCondicionamiento operante |
|
| 650 | 0 |
_97821 _aEmociones |
|
| 658 | 0 |
_910741 _aPrograma de Psicología |
|
| 700 |
_912755 _aSkinner, Burrhus Frederic |
||
| 856 |
_uhttps://unicoceduco-my.sharepoint.com/:b:/g/personal/direccionbiblioteca_unicoc_edu_co/IQAZzMTUcod1Rp-xHJdXcT3SAbabPfegyiCpY6VSF4Q_dms _yAcceso online exclusivo para comunidad Unicoc. |
||
| 942 |
_2ddc _cEBOOK |
||
| 999 |
_c10785 _d10785 |
||